| 000 | 00508nam a2200157 a 4500 | ||
|---|---|---|---|
| 005 | 20140414132110.0 | ||
| 008 | 110514s19uu xx 00 eng d | ||
| 020 | _a9781595665492 | ||
| 050 |
_aM 567.9 _bM43 2008 |
||
| 100 | _aMatthews, Rupert. | ||
| 245 |
_aDinosaurs in action : unearth the secrets behind dinosaur fossils / _cRupert Matthews. |
||
| 260 |
_aLaguna Hills, CA : _bQEB Publishing, _c2008. |
||
| 650 |
_aDinosaurs _xJuvenile literature. |
||
| 650 |
_aPaleontology _xJurassic. |
||
| 999 |
_c114727 _d114727 |
||